Sabrina Carpenter - EVOLution - Statistics

General Stats
  • This quiz has been taken 23 times
  • The average score is 8 of 10
Answer Stats
2016
EVOLution % Correct
6 Mirage
89%
1 On Purpose
89%
8 Shadows
89%
3 Thumbs
89%
10 All We Have Is Love
83%
5 Run and Hide
83%
9 Space
83%
7 Don't Want It Back
78%
2 Feels Like Loneliness
78%
4 No Words
72%
No matching quizzes found
Score Distribution
Percent of People with Each Score
Percentile by Number Answered
Your Score History
You have not taken this quiz